000 00326nam a2200145Ia 4500
008 230718s9999 xx 000 0 und d
041 _aEng.
082 _a340
_bWAC-J
100 _aWacks, Raymond
245 0 _aJurisPrudence,
260 _aPakistan
_bSweet Publishers
_c1999
300 _a272
650 _aLaw
999 _c29694
_d29694